[Event "Moncada Cup"]
[Site "Santiago de Cuba"]
[Date "2017.03.29"]
[Round "10.3"]
[White "Bosch Valls, Leannet Mariah"]
[Black "Ballester Fenandez, Jose Angel"]
[Result "1/2-1/2"]
[WhiteElo "1891"]
[BlackElo "1845"]
[PlyCount "58"]
[EventDate "2017.03.21"]
[EventType "swiss"]
[EventRounds "10"]
[EventCountry "CUB"]
[SourceTitle "EXT 2023"]
[Source "ChessBase"]
[SourceDate "2022.10.05"]
[SourceVersion "1"]
[SourceVersionDate "2022.10.05"]
[SourceQuality "1"]

1. e4 c6 2. d4 d5 3. exd5 Qxd5 4. Nf3 Qa5+ 5. Bd2 Qc7 6. Nc3 Nf6 7. Bd3 g6 8. Qc1 Bg7 9. Bf4 Qa5 10. 0-0 0-0 11. Re1 Re8 12. Bh6 Bh8 13. h3 Nbd7 14. Bc4 b5 15. Bb3 c5 16. dxc5 Nxc5 17. Qg5 Nxb3 18. axb3 Qc7 19. Nxb5 Qb6 20. Nc3 Bb7 21. Qe3 Qxe3 22. Rxe3 Nd5 23. Nxd5 Bxd5 24. Ne5 Rec8 25. Re2 f6 26. Nd3 e5 27. Be3 Rc7 28. Nb4 Be6 29. Rd2 f5 1/2-1/2

[Event "Moncada Cup"]
[Site "Santiago de Cuba"]
[Date "2017.03.23"]
[Round "4.1"]
[White "Zamora Pena, Norbel"]
[Black "Ballester Fenandez, Jose Angel"]
[Result "0-1"]
[WhiteElo "1875"]
[BlackElo "1845"]
[PlyCount "72"]
[EventDate "2017.03.21"]
[EventType "swiss"]
[EventRounds "10"]
[EventCountry "CUB"]
[SourceTitle "EXT 2023"]
[Source "ChessBase"]
[SourceDate "2022.10.05"]
[SourceVersion "1"]
[SourceVersionDate "2022.10.05"]
[SourceQuality "1"]

1. e4 c6 2. d4 d5 3. exd5 cxd5 4. Bd3 Nf6 5. Ne2 Nc6 6. 0-0 g6 7. c3 Bg7 8. Bf4 0-0 9. Re1 Re8 10. Ng3 a6 11. Nd2 Ng4 12. f3 e5 13. fxg4 exf4 14. Rxe8+ Qxe8 15. Ngf1 Qe6 16. Be2 Bd7 17. Bf3 Rd8 18. Nb3 b6 19. Qd2 Qd6 20. Re1 Re8 21. Rxe8+ Bxe8 22. Qe2 Kf8 23. Qxa6 Qd8 24. Qb5 Ne7 25. Qb4 Kg8 26. a4 Bf8 27. a5 Nc8 28. Nc5 bxc5 29. dxc5 Qc7 30. Qb3 Qxc5+ 31. Kh1 Qf2 32. Qd1 Bc5 33. Nd2 Ne7 34. b4 Be3 35. a6 Ba4 36. Qf1 Qxd2 0-1